书目信息 |
| 题名: |
生物信息学
|
|
| 作者: | 刘娟 主编 | |
| 分册: | ||
| 出版信息: | 北京 高等教育出版社 2014.12 |
|
| 页数: | 297页 | |
| 开本: | 25cm | |
| 丛书名: | 普通高等教育“十一五”国家级规划教材 | |
| 单 册: | ||
| 中图分类: | Q811.4 | |
| 科图分类: | ||
| 主题词: | 生物信息论--高等学校--教材 | |
| 电子资源: | ||
| ISBN: | 978-7-04-040975-8 | |
| 000 | 01207nam0 2200265 450 | |
| 001 | 90 | |
| 001 | 01CN10647167@CSLN | |
| 005 | 20160905100636.43 | |
| 010 | @a978-7-04-040975-8@dCNY38.00 | |
| 100 | @a20150106d2014 em y0chiy50 ea | |
| 101 | 0 | @achi |
| 102 | @aCN@b110000 | |
| 105 | @ay z 000yy | |
| 200 | 1 | @a生物信息学@9sheng wu xin xi xue@f刘娟主编 |
| 210 | @a北京@c高等教育出版社@d2014.12 | |
| 215 | @a297页@d25cm | |
| 225 | 2 | @a普通高等教育“十一五”国家级规划教材@9pu tong gao deng jiao yu shi yi wu guo jia ji gui hua jiao cai |
| 330 | @a本书围绕目前生物信息学研究与应用的主要内容,介绍其背景、相关数据与软件工具资源、所涉及的主要方法及其解决问题的能力。主要内容包括:核酸与蛋白质序列数据资源、序列比较与相似序列搜索、分子系统发育分析、基因组结构注释、蛋白质结构分析、蛋白质序列分析、Microarray基因表达数据分析、蛋白质组数据分析、生物信息学在疾病相关基因与药物发现中的应用,以及生物信息导航资源。 | |
| 333 | @a高等院校生命科学、计算机科学等相关专业学生 | |
| 461 | 0 | @12001 @a普通高等教育“十一五”国家级规划教材 |
| 606 | 0 | @a生物信息论@x高等学校@j教材 |
| 690 | @aQ811.4@v4 | |
| 701 | 0 | @a刘娟@9liu juan@4主编 |
| 801 | 0 | @aCN@b唐山师范学院图书馆@c20160720 |
| 905 | @aZUCC@dQ811.4@e183 | |
| 生物信息学/刘娟主编.-北京:高等教育出版社,2014.12 |
| 297页;25cm.-(普通高等教育“十一五”国家级规划教材) |
| 使用对象:高等院校生命科学、计算机科学等相关专业学生 |
| ISBN 978-7-04-040975-8:CNY38.00 |
| 本书围绕目前生物信息学研究与应用的主要内容,介绍其背景、相关数据与软件工具资源、所涉及的主要方法及其解决问题的能力。主要内容包括:核酸与蛋白质序列数据资源、序列比较与相似序列搜索、分子系统发育分析、基因组结构注释、蛋白质结构分析、蛋白质序列分析、Microarray基因表达数据分析、蛋白质组数据分析、生物信息学在疾病相关基因与药物发现中的应用,以及生物信息导航资源。 |
| ● |
| 相关链接 |
|
|
|
|
正题名:生物信息学
索取号:Q811.4/183
 
预约/预借
| 序号 | 登录号 | 条形码 | 馆藏地/架位号 | 状态 | 备注 |
| 1 | 900371 | 209003718 | 第二样本阅览室/ [索取号:Q811.4/183] | 在馆 | |
| 2 | 900372 | 209003727 | 第三借阅区/ [索取号:Q811.4/183] | 在馆 | |
| 3 | 900373 | 209003736 | 第三借阅区/ [索取号:Q811.4/183] | 在馆 | |
| 4 | 900374 | 209003745 | 密集书库-生命科学系/ [索取号:Q811.4/183] | 在馆 |